Gracie Abrams guess the song no hints -1 - Statistics

General Stats
  • This quiz has been taken 134 times
  • The average score is 285 of 413
Answer Stats
Answer % Correct
i
100%
you
99%
a
93%
it
87%
me
87%
the
87%
and
85%
i'm
82%
love
82%
your
81%
be
79%
know
79%
to
79%
you're
77%
in
76%
like
76%
if
75%
she
75%
what
75%
is
74%
so
74%
was
74%
my
73%
on
73%
are
71%
but
71%
when
71%
go
70%
hear
70%
her
69%
all
68%
don't
68%
(don't)
68%
now
68%
of
67%
than
67%
they
67%
say
66%
tell
66%
i'll
65%
think
65%
down
64%
should
64%
at
63%
bet
63%
from
63%
just
63%
knew
63%
let
63%
internet
62%
out
62%
prettier
62%
up
62%
been
61%
even
61%
for
61%
it's
61%
away
60%
brighter
60%
carrying
60%
cool
60%
far
60%
stars
60%
conversations
59%
right
59%
won't
59%
(won't)
59%
you've
59%
enough
58%
interested
58%
she's
58%
shoes
58%
takes
58%
tower
58%
about
57%
baggage
57%
everything
57%
mind
57%
off
57%
sleep
57%
blowing
56%
got
56%
smoke
56%
(smoke)
56%
didnt
55%
look
55%
place
55%
still
55%
fell
54%
feel
53%
girls
53%
they're
53%
better
52%
cut
52%
hill
52%
one
52%
time
52%
alone
51%
bullet
51%
hate
51%
hurt
51%
kissing
51%
last
51%
stupid
51%
taking
51%
voice
51%
another
50%
going
50%
lying
50%
rope
50%
bury
49%
meets
49%
fine
48%
sleeping
48%
standards
48%
opening
47%
peace
47%
perfect
47%
pulse
47%
read
47%
boom
46%
completely
46%
help
46%
couldn't
45%
any
44%
bit
44%
fantasy
44%
find
44%
hotel
44%
book
43%
crowd
43%
impressed
42%
took
42%
image
41%
nothing
41%
point
41%
pretentious
41%
yet
41%
aloud
40%
drag
39%
fed
37%
who'll
37%
(thing)
32%
chalk
31%
mm
28%
they'd
28%
No matching quizzes found
Score Distribution
Percent of People with Each Score
Percentile by Number Answered
Your Score History
You have not taken this quiz